| 000 | 00842nam a2200265 b 4500 | ||
|---|---|---|---|
| 001 | bimo0002391546 | ||
| 003 | OSt | ||
| 005 | 20131028093635.0 | ||
| 008 | 061130s2006 mex spa | ||
| 020 | _a978-968-7988-77-1 | ||
| 040 |
_aSpMaBN _bspa _cBMC _erdc |
||
| 082 | _a611 | ||
| 082 | _a612 | ||
| 100 | 1 |
_94227 _aTortora, Gerard J. |
|
| 245 | 1 | 0 |
_aPrincipios de anatomía y fisiología _cGerard J. Tortora, Bryan Derrickson |
| 250 | _a11ª ed | ||
| 260 |
_aMéxico, D.F. [etc.] _bEditorial Médica Panamericana _ccop. 2006 |
||
| 300 |
_aXXXVIII, 1154, [87] p. _bil. col. y n. _c28 cm |
||
| 500 | _aIncluye índices | ||
| 594 | _1Traducción de: Principles of anatomy and physiology, 11th ed. | ||
| 650 | 2 | 4 |
_aAnatomía humana _94181 |
| 650 | 2 | 4 |
_aFisiología humana _9580 |
| 700 | 1 |
_94228 _aDerrickson, Bryan |
|
| 942 |
_2ddc _cBK |
||
| 999 |
_c3461 _d3461 |
||